000 00648cab a2200205 4500
001 ABS43886
008 090401t1990 xxu||||| |||| 00| 0 eng d
035 _a(Sirsi) u44101
041 _aeng
100 _aTownsend-Rose, J.C.
245 _aSome reflections on Europe an land prices
260 _c1990
350 _a0
490 _aFarm Management
_v(CMA) 7(8) Winter 1990, 381-384 (4)
520 _aProvides an overview of agricultural land prices in EC countries, explaining differences and the likely effect of the Single market on land values .
650 _aFARMLAND
690 _aRURAL PRACTICE
942 _n0
948 _c04/03/1997
999 _c28117
_d28117